| 000 | 00409cam a2200181ua 4500 | ||
|---|---|---|---|
| 020 | _c2.00 | ||
| 041 |
_ahin _h |
||
| 082 |
_a891.54 _bRAM/KA |
||
| 100 | _aRam, Swaroop . | ||
| 245 |
_aKavya lahari / _cRam Swaroop. _hTextual Documents |
||
| 250 |
_a1 / _b. |
||
| 260 |
_aNew Delhi : _bVimal Prakashan. |
||
| 300 | _a124 ; . | ||
| 365 | _a2.00 | ||
| 504 | _a | ||
| 942 | _cBK | ||
| 999 |
_c6418 _d6418 |
||